| 000 | 00561nam a2200181Ia 4500 | ||
|---|---|---|---|
| 001 | 20155 | ||
| 005 | 20260306172745.0 | ||
| 008 | 260306t2015||||xx |||||||||||||| ||spa|| | ||
| 041 | _aESP | ||
| 082 |
_a342.8 _bD61 T. 3 |
||
| 100 |
_aDelgado Barreto, César _eAUT |
||
| 245 | 0 |
_aIntroducción al derecho internacional privado: _bconflictos de jurisdicciones, arbitraje internacional y sujetos de las relaciones privadas internacionales |
|
| 260 | _c2015 | ||
| 300 |
_a473 páginas : _c24 cm. |
||
| 650 | _aGEN | ||
| 654 | _aCDE | ||
| 942 |
_cLIB _dJUS _fJUS _2ddc _n |
||
| 999 |
_c20155 _d20155 |
||